Dopasuj imię do nazwiska - polscy skoczkowie narciarscy - Statystyki

Ogólne statystyki
  • Ten quiz został rozwiązany 85 razy
  • Średni wynik to 15 z 20
Statystyki odpowiedzi
Hint Odpowiedź % Poprawnych
Kamil Stoch
96%
Adam Małysz
95%
Piotr Żyła
92%
Kacper Tomasiak
91%
Maciej Kot
89%
Stefan Hula
88%
Klemens Murańka
86%
Paweł Wąsek
84%
Aleksander Zniszczoł
82%
Wojciech Fortuna
77%
Krzysztof Biegun
73%
Łukasz Kruczek
73%
Robert Mateja
72%
Andrzej Stękała
68%
Jan Ziobro
65%
Marcin Bachleda
62%
Tomasz Pilch
59%
Stanisław Bobak
58%
Antoni Łaciak
47%
Józef Przybyła
43%
Nie znaleziono quizów pasujących do podanych kryteriów
Rozkład punktacji
Procent ludzi z każdym wynikiem
Percentyl według liczby udzielonych odpowiedzi
Twoja historia wyników
Nie rozwiązałeś tego quizu